| 000 | 01109cam a2200301 4500 | ||
|---|---|---|---|
| 001 | 7989 | ||
| 005 | 20181127184832.0 | ||
| 008 | 960530s1997 nyu b 001 0 eng d | ||
| 010 | _a 95073185 | ||
| 020 | _a0312119623 (pbk.) | ||
| 020 | _a031217280X | ||
| 082 | 0 | 0 |
_a303.3/3/0973 _221 |
| 100 | 1 | _aStaples, William G. | |
| 245 | 1 | 4 |
_aThe culture of surveillance : _bdiscipline and social control in the United States / _cWilliam G. Staples. |
| 246 | 3 | 0 | _aDiscipline and social control in the United States |
| 260 |
_aNew York, NY : _bSt. Martin's Press, _cc1997. |
||
| 300 |
_axi, 144 p. ; _c24 cm. |
||
| 490 | 1 | _aContemporary social issues | |
| 504 | _aIncludes bibliographical references (p. 137-138) and index. | ||
| 650 | 0 |
_aElectronic surveillance _xSocial aspects _zUnited States. |
|
| 650 | 0 | _aLiberty. | |
| 650 | 0 |
_aPrivacy _zUnited States. |
|
| 650 | 0 |
_aSocial control _zUnited States. |
|
| 651 | 0 |
_aUnited States _xSocial conditions _y1980- |
|
| 651 | 0 |
_aUnited States _xSocial policy _y1993- |
|
| 830 | 0 | _aContemporary social issues (New York, N.Y.) | |
| 999 |
_c6873 _d6873 |
||